Fr. Conceicao Rodrigues College of Engineering

Managers pocket guide to Public presentation (Record no. 21289)

MARC details
000 -LEADER
fixed length control field 00344nam a2200157Ia 4500
082 ## - DEWEY DECIMAL CLASSIFICATION NUMBER
Classification number 658.401
Item number GLA
100 ## - MAIN ENTRY--PERSONAL NAME
Personal name Gladis/Steve
245 ## - TITLE STATEMENT
Title Managers pocket guide to Public presentation
260 ## - PUBLICATION, DISTRIBUTION, ETC.
Name of publisher, distributor, etc. Jaico
Date of publication, distribution, etc. 2004
300 ## - PHYSICAL DESCRIPTION
Extent 162
546 ## - LANGUAGE NOTE
Language note ENGLISH
650 ## - SUBJECT ADDED ENTRY--TOPICAL TERM
Topical term or geographic name entry element General
654 ## - SUBJECT ADDED ENTRY--FACETED TOPICAL TERMS
Focus term public presentation
942 ## - ADDED ENTRY ELEMENTS (KOHA)
Koha item type BOOK
Holdings
Withdrawn status Lost status Damaged status Not for loan Collection Home library Current library Date acquired Total Checkouts Full call number Barcode Date last seen Date last checked out Price effective from Koha item type
        CRC Fr. Agnel's C.Rodrigues College of Engineering Fr. Agnel's C.Rodrigues College of Engineering 17/03/2023 1 658.401 GLA 15544 06/04/2024 21/12/2023 17/03/2023 BOOK